| 000 | 00000nas 2200000za 4500 |
| 001 | 9.502115 |
| 003 | CaOODSP |
| 005 | 20250611103452 |
| 007 | cr ||||||||||| |
| 008 | 150406d20022012oncmx p o f0 b0fre|d |
| 022 | |a1499-9781 |
| 040 | |aCaOODSP|bfre |
| 043 | |an-cn--- |
| 086 | 1 |aA27-24F-PDF |
| 245 | 00|aCanada |h[ressource électronique] : |bperspectives des légumineuses et cultures spéciales. |
| 260 | |a[Ottawa] : |bAgriculture et Agroalimentaire Canada, |c[2002-2012] |
| 310 | |aMensuel (irrégulier) |
| 362 | 1 |aParaît depuis le 18 février 2002 ; ne paraît plus après le 18 septembre 2012. |
| 500 | |aTitre de départ. |
| 500 | |aPubl. aussi en anglais sous le titre : Canada, pulse and special crops outlook. |
| 691 | 07|aLégume|2gcpds |
| 691 | 07|aAnalyse de marché|2gcpds |
| 710 | 1 |aCanada. |bAgriculture et agroalimentaire Canada. |
| 775 | 08|tCanada |w(CaOODSP)9.505711 |
| 776 | 0#|tCanada: perspectives des légumineuses et cultures spéciales / |w(CaOODSP)9.512598 |
| 785 | 00|tCanada |w(CaOODSP)9.503860 |